Cities That Start With 'C' - Statistics

General Stats
  • This quiz has been taken 23 times
  • The average score is 9 of 10
Answer Stats
Clue City % Correct
English University Town Cambridge
100%
Australia's Capital Canberra
100%
Venzuela's Largest City Caracas
100%
Name Of Famous 1942 Film Casablanca
91%
Canada's 'Cowtown' Calgary
86%
Table Mountain Cape Town
82%
Willis Tower Chicago
82%
'The City Of A Thousand Minarets' Cairo
77%
Formerly Known As Madras Chennai
77%
Capital Of Sichuan Province Chengdu
68%
No matching quizzes found
Score Distribution
Percent of People with Each Score
Percentile by Number Answered
Your Score History
You have not taken this quiz